000 00260nam a22001217a 4500
008 170609b xxu||||| |||| 00| 0 eng d
041 _aeng
080 _a94
100 _a17
101 _aSHH
245 _aNAZI VICTORY CRETE 1941
_cTHOMAS,D
942 _2udc
_cBK
999 _c16628
_d16628